|
|
|
|
| LEADER |
00000nam a22000007a 4500 |
| 005 |
20190813133831.0 |
| 007 |
cr|||| |||| |
| 008 |
190813s2014 co |||||s|||| 00||0 spa d |
| 020 |
|
|
|a 978-958-760-024-7
|
| 035 |
|
|
|a 24011
|
| 040 |
|
|
|a vLex
|
| 090 |
|
|
|c 9165
|d 9165
|
| 100 |
1 |
|
|a Pardo Martn̕ez, Luz Patricia
|
| 245 |
1 |
0 |
|a Tendencias en la gestin̤ de empresas sin ǹimo de lucro Caso
|h [Recurso electrn̤ico] :
|b cooperativas /
|c Luz Patricia Pardo Martn̕ez, Mara̕ Victoria Huertas de Mora, Luis Eduardo Malaver, Claudia Archila Pachn̤
|
| 256 |
|
|
|a Servicio en ln̕ea
|
| 260 |
|
|
|a Medelln̕:
|b Ediciones Universidad Cooperativa de Colombia,
|c 2014
|
| 300 |
|
|
|a 1 recurso electrn̤ico
|
| 500 |
|
|
|a Esta obra presenta los hallazgos encontrados en un estudio realizado a tres cooperativas, seleccionadas como tipo o tp̕icas, de entre numerosos estudios de caso realizados por sus autores en investigaciones previas y la presente, adelantadas para identificar los avances de conocimiento en esta clase de actores de la economa̕ social y solidaria en Colombia. En la investigacin̤ se trabajan categora̕s definidas desde lo econm̤ico, lo social y lo administrativo, a partir de una perspectiva gerencial que toma en cuenta las influencias ter̤icas y doctrinales recibidas, al igual que las incidencias en y desde los contextos de los sujetos. Al responder al interrogante sobre cul̀es son las principales tendencias doctrinales y ter̤icas que sustentan la actual y futura gestin̤ administrativa de los actores cooperativos como eje econm̤ico del sistema solidario en Colombia, ampla̕ sus resultados con la respuesta sobre cul̀es son los valores materializados y cul̀es prc̀ticas se perfilan como tendencias histr̤icas del movimiento. La categorizacin̤ contenida en la ley para otorgar reconocimiento de naturaleza y personera̕ jurd̕ica a la economa̕ solidaria, en sus diferentes formas, como actor econm̤ico, adems̀ de la materializacin̤ de doctrina en sus prc̀ticas, propone sus tesis fundamentales. Es un estudio que no presenta resultados globalizantes o universalizados conceptualmente, sino, por el contrario, con la aplicacin̤ de una metd̤ica fenomenolg̤ica, pretende desde la especificidad y realidad del fenm̤eno inducir y contrastar aquellas reflexiones. Palabras clave: administracin̤, cooperativas, economa̕ social y solidaria, gerencia, tendencias doctrinales e histr̤icas.
|
| 506 |
1 |
|
|a Disponible solo en los productos indicados
|d vLex Global
|d vLex Global (Academic Edition, excluding Law Schools)
|d vLex Global (U.S. Academic Edition, Law Schools)
|d vLex Global (U.S. Academic Edition, excluding Law Schools)
|d vLex Global (Academic Edition, Law Schools)
|
| 650 |
0 |
4 |
|a Derecho Pb︢lico y Administrativo
|z Colombia
|
| 700 |
1 |
|
|a Huertas de Mora, Mara̕ Victoria
|
| 700 |
1 |
|
|a Malaver, Luis Eduardo
|
| 700 |
1 |
|
|a Archila Pachn̤, Claudia
|
| 740 |
0 |
|
|a vLex Libros (Servicio en ln̕ea)
|
| 856 |
4 |
0 |
|u http://vlex.com/source/tendencias-en-la-gestion-de-empresas-sin-animo-de-lucro-caso-cooperativas-24011
|z Acceso restringido
|
| 942 |
|
|
|c BOOK
|
| 999 |
0 |
|
|a Public and Administrative Law
|